| Tag |
First Indicator |
Second Indicator |
Subfields |
| LEADER |
00000cam a2200000Ia 4500 |
| 001 |
in00002016409 |
| 005 |
20151031145705.0 |
| 008 |
040826s2004 caua b 001 0 eng d |
| 010 |
|
|
|a 2004103080
|
| 020 |
|
|
|a 0892367628
|
| 035 |
|
|
|a (OCoLC)ocm56357963
|
| 040 |
|
|
|a GZN
|c GZN
|d TXA
|d UtOrBLW
|
| 041 |
1 |
|
|a eng
|h gre
|
| 049 |
|
|
|a TXAM
|
| 090 |
|
|
|a BL795.S47
|b V35 2004
|
| 100 |
1 |
|
|a Valavanēs, Panos.
|
| 245 |
1 |
0 |
|a Games and sanctuaries in ancient Greece :
|b Olympia, Delphi, Isthmia, Nemea, Athens /
|c Panos Valavanis ; translated by David Hardy ; foreword by John Boardman.
|
| 264 |
|
1 |
|a Los Angeles :
|b Getty Publications,
|c 2004.
|
| 300 |
|
|
|a 447 pages :
|b color illustrations ;
|c 33 cm.
|
| 336 |
|
|
|a text
|b txt
|2 rdacontent
|
| 337 |
|
|
|a unmediated
|b n
|2 rdamedia
|
| 338 |
|
|
|a volume
|b nc
|2 rdacarrier
|
| 500 |
|
|
|a First published in Greek and English by Kapon Editions.
|
| 504 |
|
|
|a Includes bibliographical references (page 442) and index.
|
| 650 |
|
0 |
|a Shrines
|z Greece.
|
| 650 |
|
0 |
|a Temples
|z Greece.
|
| 650 |
|
0 |
|a Athletes in art.
|
| 651 |
|
0 |
|a Greece
|x Religion.
|
| 650 |
|
0 |
|a Olympic games (Ancient)
|
| 650 |
|
0 |
|a Olympic games (Ancient) in art.
|
| 948 |
|
|
|a cataloged
|b h
|c 2004/12/6
|d c
|e ceaton
|f 3:20:25 pm
|
| 994 |
|
|
|a C0
|b TXA
|
| 999 |
|
|
|a MARS
|
| 999 |
f |
f |
|s 3dc39466-087a-3288-a87f-3328c9bce8fd
|i 9b973024-b022-3489-9957-6b6ea7005b49
|t 0
|
| 952 |
f |
f |
|p normal
|a Texas A&M University
|b College Station
|c Sterling C. Evans Library
|d Evans: Library Stacks
|t 0
|e BL795.S47 V35 2004
|h Library of Congress classification
|i unmediated -- volume
|m A14831629648
|
| 998 |
f |
f |
|a BL795.S47 V35 2004
|t 0
|l Evans: Library Stacks
|